000 00723nam a22001937a 4500
003 OSt
005 20240910155818.0
008 240910b ||||| |||| 00| 0 eng d
040 _cAIMIT LIBRARY
100 _aD P, Samarth.
_e2216170
_9179000
245 _aScooping up sucess : evaluating customer contentment and quality with Hangyo Ice Cream /
_bevaluating customer contentment and quality with Hangyo Ice Cream /
_cBy Samarth D P ; Guided by P V Sumitha.
260 _aBangalore ;
_c2024.
650 _aResearch instrument
_9179001
650 _aFrequency table analysis
_9179002
650 _aRegression analysis
_9179003
700 _aSumitha, P V.
_eGuide
_9179004
856 _3Hangyo Ice Cream.
942 _2ddc
_cPRO
999 _c231794
_d231794